Lamentation for Gen. Washington.

Bibliographic Details
Format: Microform Book
Language:English
Published: Boston : [publisher not identified], [between 1800 and 1809?]
Series:American Poetry, 1609-1900. no. 1084.
Subjects:

MARC

Tag First Indicator Second Indicator Subfields
LEADER 00000cam a2200000 a 4500
001 in00001347521
005 20151006072359.0
007 hd afu---baca
007 hd bfu---bubu
008 840820q18001809mau a 000 0 eng d
010 |a nuc87582621  
035 |a (OCoLC)11069754 
035 |9 AHH5331AM 
040 |a ResP  |c POE  |d RQM  |d UtOrBLW 
049 |a TXAI 
050 1 4 |a PS586  |b .A450 pt. 1, no. 1084 
099 |a film  |a B  |a 3870  |a  Segment I ; no. 1084). 
245 0 0 |a Lamentation for Gen. Washington. 
264 1 |a Boston :  |b [publisher not identified],  |c [between 1800 and 1809?] 
264 3 |a Boston :  |b N. Coverly 
300 |a 1 broadside. 
336 |a text  |b txt  |2 rdacontent 
337 |a microform  |b h  |2 rdamedia 
338 |a microfilm reel  |b hd  |2 rdacarrier 
510 4 |a Evans  |c 37771 
510 4 |a Wegelin, O. Amer. poetry  |c 1307 
510 4 |a Sabin  |c 101833 
500 |a Master microform held by: ResP. 
533 |a Microfilm.  |b Woodbridge, Conn. :  |c Research Publications,  |d 1976.  |e 1 microfilm reel ; 35 mm.  |f (American Poetry, 1609-1900. Segment I ; no. 1084). 
500 |a Microform. 
600 1 0 |a Washington, George,  |d 1732-1799  |x Poetry. 
830 0 |a American Poetry, 1609-1900.  |n Segment I ;  |v no. 1084. 
999 |a MARS 
999 f f |s 7e27220e-2cbd-3380-959d-a7af4c27879a  |i e45fa61a-32a3-351d-960a-fd0b03f1c57f  |t 0 
952 f f |p default  |a Texas A&M University  |b College Station  |c Sterling C. Evans Library  |d Evans: Microforms (3rd floor)  |t 0  |e film B 3870 Segment I, no. 1084  |h Other scheme  |i microform -- microfilm reel 
998 f f |a film B 3870 Segment I, no. 1084  |t 0  |l Evans: Microforms (3rd floor)